000 00487cam a22002054a 4500
005 20250605164313.0
008 250528s ||||||||||||||||||||||||d
035 _a22583
020 _a9780071158336
040 _aGR-AtMCL
_bgre
_dGR-AtMCL
_eAACR2
245 1 _aBASIC MARKETING
250 _a13
260 _bMcgraw Hill,
_c1999
300 _a791
700 1 _aMccarthy Jerome E
_91979
700 1 _aPerreault William D
_91980
942 _cBK
999 _c7631
_d7631